000 01170cam a2200397 4500
001 a468
003 DO-SdBNP
005 20240325103846.0
007 a468
008 100222s2009 sp || 000 f spa
015 _a
017 _a
_b
020 _a9788466324700
035 _a
040 _aBPMSU
_bspa
_cBPMSU
_e
041 1 _aspa
_h
080 _a
082 _a859.3
_bM958h 2009
_222
100 1 _aMüller, Herta
_d1953-
245 1 3 _aEl hombre es un gran faisán en el mundo /
_cHerta Müller ; traducción de Juan José Solar
_h
250 _a
260 _aMadrid:
_bSantillana Ediciones Generales,
_c2009
300 _a140 p. ;
_c20 cm
440 _p
490 0 _aPunto de lectura
_v386/2
534 _pTítulo original :
_tDer Mensch ist ein grosser Fasan auf der Welt
586 _aPremio Nobel, 2009
590 _aInventariado, 2024/VM
650 4 _aNovela Rumana
650 4 _aComunismo
_vNovela
_zRumanía
650 _aDictadura
_vNovela
_zRumanía
650 4 _aFamilia
_zRomanía
_vNovela.
700 1 _aSolar, Juán José del,
_d1948-2014
_etr.
910 _aVMateo V. Control de calidad. BPMSU
942 _2ddc
_cBK
999 _c10470
_d10470